[Event "RUS-ch"]
[Site "Elista"]
[Date "1994.??.??"]
[Round "11"]
[White "Kuporosov, Viktor"]
[Black "Kharlov, Andrei"]
[Result "0-1"]
[WhiteElo "2510"]
[BlackElo "2530"]
[Annotator "Moiseev"]
[PlyCount "178"]
[EventDate "1994.09.??"]
[EventType "swiss"]
[EventRounds "11"]
[EventCountry "RUS"]
[SourceTitle "CBM 044"]
[Source "ChessBase"]
[SourceDate "1995.02.01"]
[SourceVersion "1"]
[SourceVersionDate "1995.02.01"]
[SourceQuality "1"]

1. e4 c5 2. Nf3 Nc6 3. Nc3 e6 4. d4 cxd4 5. Nxd4 Nf6 6. Ndb5 d6 7. Bf4 e5 8.
Bg5 a6 9. Na3 b5 10. Nd5 Be7 11. Bxf6 Bxf6 12. c3 Bb7 13. Nc2 Nb8 14. g3 (14.
a4 bxa4 15. Rxa4 Nd7 $13 {Kasparov,G-Shirov,A/Zurich/1994/1:0/38/}) 14... Nd7
15. Bg2 (15. Nce3 $5 O-O 16. h4 g6 17. Bh3 Bg7 18. h5 Nf6 19. hxg6 hxg6 20. Qd3
Nxd5 21. Nxd5 $14 {Anand,V-Nunn,J/Monako/1994/0,5/117/}) (15. h4 $5) 15... Nc5
(15... O-O 16. a4 $5) 16. O-O O-O 17. Nce3 g6 18. Nxf6+ (18. Qd2 Bg7) 18...
Qxf6 19. Nd5 Bxd5 20. Qxd5 Qe6 $10 21. Qd2 (21. Rfd1 Qxd5 (21... Rfd8 $10) 22.
Rxd5 Na4 23. Rd2 Rfc8 $10) 21... Rac8 22. b3 Rc6 23. Rad1 Rfc8 24. Rfe1 R8c7
25. Re3 Qc8 26. Bf1 Kg7 27. h4 Rb6 28. Kh2 Qb7 29. Qe1 Nd7 30. Red3 Rcc6 31.
Kg1 Nf6 32. Bg2 Qc7 33. Qd2 (33. Qe3 $15) 33... b4 $1 34. c4 (34. cxb4 $2 Rc2
35. Qe3 Rxa2) (34. Rc1 Rc5 {/\ 35...Rbc6}) 34... Nd7 35. f4 Nc5 $17 36. Rd5 Qe7
37. Qb2 (37. fxe5 $5 dxe5 38. Qe3 a5 39. Bh3) 37... f6 38. f5 a5 39. Qd2 a4 40.
Qc2 axb3 41. axb3 Ra6 42. Kh2 Ra3 43. Rb1 Qa7 44. Rb2 Rca6 45. Rd2 Ra1 46. Rf2
Qe7 47. fxg6 hxg6 48. Qd2 Rb6 49. Qe3 Rb8 50. Ra2 (50. Bf3 $5) 50... Rb1 51.
Rab2 Rxb2 52. Rxb2 Ra8 53. Qd2 Qc7 54. Bf3 (54. Qxb4 $2 Nd3) 54... Qb6 55. Qd5
Ra6 56. h5 Qb7 $1 (56... g5 $2 57. h6+ Kxh6 58. Qf7) 57. Qd2 gxh5 58. Qg2 Ne6
59. Qh3 (59. Bxh5 Ng5) 59... Ng5 60. Qf5 (60. Qxh5 Qb6 61. Qg4 Ra1 62. Rg2 Qe3
$19) 60... Qf7 $19 61. Bg2 Qe6 62. Qf1 Qg4 63. c5 Rc6 64. Rd2 dxc5 65. Qb5 Qc8
(65... h4 $1 66. Qb7+ (66. Qxc6 Qxg3+ 67. Kh1 Qe1+ 68. Kh2 Qxd2 $19) 66... Kg6
67. Rd8 (67. Qxc6 Qxg3+ 68. Kh1 Qe1+ 69. Kh2 Qxd2 70. Qe8+ Kg7 71. Qe7+ Nf7 $19
) (67. Rd7 Qxg3+ 68. Kh1 h3 69. Rg7+ Kh6 $19) 67... Qxg3+ (67... hxg3+ $2 68.
Kg1) 68. Kh1 h3 $1 (68... Qe1+ 69. Kh2 Nf3+ 70. Bxf3 Qg3+ 71. Kh1 Qxf3+ 72. Kh2
$10) 69. Rg8+ Kh5 70. Rxg5+ fxg5 $1 (70... Qxg5 $2 71. Qh7+ (71. Bf3+ $2 Kh4
72. Qxc6 Qc1+ 73. Kh2 Qf4+ $19) 71... Qh6 (71... Kg4 $4 72. Qxh3+ Kf4 73. Qf3#)
72. Qf5+ Kh4 73. Qf2+ (73. Qxh3+ $4 Kg5 $19) 73... Kg4 74. Qf3+ $10) (70...
Kxg5 $2 71. Qg7+ Kf4 72. Qh6+ Qg5 73. Qxh3 Qg6 (73... Qg4 74. Qh6+ Kg3 $4 75.
Qh2+ Kf2 76. Bh3+ $18) 74. Qf3+ Kg5 75. Qe3+ $10) 71. Qf7+ Rg6 72. Qh7+ Rh6 73.
Qf7+ Kh4 $19) 66. Qc4 Qc7 67. Rd5 Qe7 68. Qb5 Rc7 69. Qd3 Qf7 70. Qb5 c4 $6 (
70... Ne6 $19) 71. bxc4 Rb7 72. Qa4 b3 73. Rb5 b2 74. Qb3 Rxb5 75. Qxb5 Kg6 76.
Qxb2 (76. c5 Qa2 77. Qe8+ Kg7 78. Qe7+ Nf7 $19) 76... Qxc4 $17 77. Qb7 Qe6 (
77... Qe2 78. Qc8 Nf3+ 79. Kh3) 78. Qa8 Qf7 79. Qc8 Kh7 80. Qd8 Ne6 81. Qc8 Nd4
82. Kh1 $2 (82. Qh3 Qg6 83. g4 $1 Qxg4 84. Qxg4 hxg4 85. Kg3 Nc2 86. Bf1 Ne3
87. Be2 Kg6 88. Kf2 $10) 82... Ne2 (82... Qg6 83. Qd7+ Kh6 84. Qd8 $17) 83. Kh2
Qb3 $2 (83... Qg6 $6 84. Qd7+ Qg7 (84... Kh6 $4 85. Qd2+ $18) 85. Qxg7+ Kxg7
86. Bf3 Nc3 87. Kh3 $10 {/\ 88 g4}) (83... Qg7 84. Qf5+ (84. Qh3 Qg4 $17) 84...
Kh6 85. Qf3 Nd4 $17) 84. Qd7+ $10 Kh6 $4 (84... Kg6 85. Qf5+ $10) 85. Qh3 $4 (
85. Qd2+ $18) 85... Qe3 86. Qh4 Kg7 $1 $19 87. Qxh5 (87. Kh3 Nf4+ 88. Kh2 Qf2
$19) 87... Qxg3+ 88. Kh1 Qe1+ 89. Kh2 Qg1+ (89... Qg1+ 90. Kh3 Nf4+ $19) 0-1

[Event "Moscow PCA-Intel qual"]
[Site "Moscow"]
[Date "1995.??.??"]
[Round "3"]
[White "Sakaev, Konstantin"]
[Black "Kharlov, Andrei"]
[Result "1/2-1/2"]
[WhiteElo "2535"]
[BlackElo "2555"]
[PlyCount "95"]
[EventDate "1995.??.??"]
[EventType "swiss"]
[EventRounds "11"]
[EventCountry "RUS"]
[SourceTitle "CBM 046 ext"]
[Source "ChessBase"]
[SourceDate "1995.07.01"]
[SourceVersion "1"]
[SourceVersionDate "1995.07.01"]
[SourceQuality "1"]

1. d4 d5 2. c4 e6 3. Nc3 Bb4 4. Nf3 Nf6 5. e3 c6 6. Bd3 O-O 7. O-O Nbd7 8. Bd2
Qe7 9. Qc2 e5 10. dxe5 Nxe5 11. Nxe5 Qxe5 12. cxd5 cxd5 13. Ne2 Bd6 14. Ng3 Qe7
15. Bc3 Ng4 16. Bxh7+ Kh8 17. Bf5 Bxf5 18. Qxf5 Qh4 19. Qh5+ Qxh5 20. Nxh5
Bxh2+ 21. Kh1 Be5 22. Bxe5 Nxe5 23. Rad1 Rfd8 24. Nf4 Rac8 25. Rd2 Ng4 26. Kg1
Nf6 27. Rfd1 Rd7 28. f3 Re7 29. Kf2 Rce8 30. Rd3 g6 31. g4 Re5 32. Rc1 R8e7 33.
Rc8+ Kg7 34. a4 g5 35. Ne2 Re8 36. Rxe8 Rxe8 37. Rc3 Re7 38. Nd4 Rd7 39. Rc8
Ng8 40. Nf5+ Kh7 41. Ke2 Nh6 42. Nxh6 Kxh6 43. Kd3 Kg6 44. Kd4 Rd6 45. b4 Rb6
46. Kc5 Re6 47. Kd4 Rb6 48. Kc5 1/2-1/2

[Event "Moscow PCA-Intel qual"]
[Site "Moscow"]
[Date "1995.??.??"]
[Round "11"]
[White "Kharlov, Andrei"]
[Black "Janjgava, Lasha"]
[Result "1-0"]
[WhiteElo "2555"]
[BlackElo "2500"]
[PlyCount "97"]
[EventDate "1995.??.??"]
[EventType "swiss"]
[EventRounds "11"]
[EventCountry "RUS"]
[SourceTitle "CBM 046 ext"]
[Source "ChessBase"]
[SourceDate "1995.07.01"]
[SourceVersion "1"]
[SourceVersionDate "1995.07.01"]
[SourceQuality "1"]

1. d4 d5 2. c4 e6 3. Nc3 Nf6 4. Nf3 Be7 5. cxd5 Nxd5 6. e3 c5 7. Bd3 O-O 8. O-O
Nc6 9. Re1 cxd4 10. exd4 Bf6 11. Be4 Nce7 12. Ne5 Bd7 13. Qd3 g6 14. Bh6 Bg7
15. Bxg7 Kxg7 16. Nxd5 exd5 17. Bf3 Be6 18. Qb3 Qb6 19. Qxb6 axb6 20. a3 Rfc8
21. Re2 Nf5 22. Rd2 Ra4 23. Rad1 b5 24. g4 Nd6 25. h3 Nc4 26. Nxc4 bxc4 27. Rc1
b5 28. Bd1 Ra7 29. Kg2 b4 30. axb4 Rb7 31. b3 Rxb4 32. bxc4 Rcxc4 33. Rxc4 Rxc4
34. h4 h6 35. f4 f6 36. g5 hxg5 37. hxg5 f5 38. Kf2 Kf7 39. Rd3 Rc8 40. Ra3 Rc7
41. Ke3 Ke7 42. Kd3 Rc1 43. Ra7+ Kd6 44. Ra6+ Rc6 45. Rxc6+ Kxc6 46. Ba4+ Kd6
47. Be8 Ke7 48. Bxg6 Bd7 49. Kc3 1-0

[Event "New York PCA-qual"]
[Site "New York"]
[Date "1995.??.??"]
[Round "6"]
[White "Kharlov, Andrei"]
[Black "Adams, Michael"]
[Result "1/2-1/2"]
[WhiteElo "2555"]
[BlackElo "2655"]
[PlyCount "76"]
[EventDate "1995.??.??"]
[EventType "swiss"]
[EventRounds "11"]
[EventCountry "USA"]
[SourceTitle "CBM 047 ext"]
[Source "ChessBase"]
[SourceDate "1995.09.01"]
[SourceVersion "1"]
[SourceVersionDate "1995.09.01"]
[SourceQuality "1"]

1. e4 e5 2. Nf3 Nc6 3. c3 Nf6 4. d3 g6 5. g3 Bg7 6. Bg2 O-O 7. O-O d5 8. Nbd2
a5 9. a4 h6 10. Re1 Re8 11. exd5 Nxd5 12. Nc4 Bf5 13. Nh4 Be6 14. Qc2 Qd7 15.
Bd2 Rad8 16. Nf3 Bg4 17. Qb3 b6 18. Qb5 Bf5 19. Bf1 g5 20. h3 f6 21. Rad1 Nde7
22. Kh2 Kh8 23. Be3 Qc8 24. Bg2 Rd5 25. Qb3 Rxd3 26. Bxb6 Rxd1 27. Rxd1 Qb8 28.
Qb5 cxb6 29. Nd6 Bc2 30. Rd2 Rf8 31. Ne1 Bg6 32. Bxc6 Rd8 33. Bd7 Qc7 34. Nc4
Bf7 35. Nd6 Bg6 36. Nc4 Bf7 37. Nd6 Bg6 38. Nc4 Bf7 1/2-1/2

[Event "New York PCA-qual"]
[Site "New York"]
[Date "1995.??.??"]
[Round "8"]
[White "Miles, Anthony"]
[Black "Kharlov, Andrei"]
[Result "0-1"]
[WhiteElo "2615"]
[BlackElo "2555"]
[PlyCount "116"]
[EventDate "1995.??.??"]
[EventType "swiss"]
[EventRounds "11"]
[EventCountry "USA"]
[SourceTitle "CBM 047 ext"]
[Source "ChessBase"]
[SourceDate "1995.09.01"]
[SourceVersion "1"]
[SourceVersionDate "1995.09.01"]
[SourceQuality "1"]

1. d4 d5 2. Bg5 c6 3. e3 Bf5 4. Nf3 Nd7 5. c4 Ngf6 6. Nc3 e6 7. Qb3 Qc8 8. Rc1
Be7 9. Be2 O-O 10. O-O Re8 11. h3 h6 12. Bf4 dxc4 13. Bxc4 Nb6 14. Be2 Nbd5 15.
Bh2 Rd8 16. Rfd1 Bd6 17. Ne5 Qb8 18. Bf3 Nxc3 19. bxc3 Qc7 20. c4 b6 21. Qc3
Nd7 22. Ng4 Bxh2+ 23. Nxh2 Rac8 24. c5 bxc5 25. dxc5 Nf6 26. Nf1 Be4 27. Be2
Rxd1 28. Rxd1 Rd8 29. Rxd8+ Qxd8 30. f3 Bg6 31. e4 Nd7 32. Nd2 Nxc5 33. Nc4 Na4
34. Qa5 Qd4+ 35. Kh2 Nc3 36. Bf1 f6 37. a3 e5 38. Qb4 Kh7 39. Qb2 Nd1 40. Qc1
c5 41. Na5 Ne3 42. Be2 Qa4 43. Qxc5 Nc2 44. Bc4 Nxa3 45. Bb3 Qb5 46. Qxa3 h5
47. h4 Qb6 48. Qf8 Qf2 49. Kh3 Qe1 50. Bg8+ Kh6 51. Be6 Qh1+ 52. Kg3 Qe1+ 53.
Kh2 Qxh4+ 54. Bh3 Qf4+ 55. Kg1 Qc1+ 56. Kh2 Qf4+ 57. g3 Qd2+ 58. Bg2 Qxa5 0-1

[Event "RUS-chT"]
[Site "Kazan"]
[Date "1995.??.??"]
[Round "3"]
[White "Yemelin, Vasily"]
[Black "Kharlov, Andrei"]
[Result "1/2-1/2"]
[WhiteElo "2500"]
[BlackElo "2555"]
[Annotator "Hecht"]
[PlyCount "94"]
[EventDate "1995.??.??"]
[EventType "team"]
[EventRounds "9"]
[EventCountry "RUS"]
[SourceTitle "CBM 051"]
[Source "ChessBase"]
[SourceDate "1996.04.01"]
[SourceVersion "1"]
[SourceVersionDate "1996.04.01"]
[SourceQuality "1"]

1. e4 c5 2. Nf3 Nc6 3. d4 cxd4 4. Nxd4 Nf6 5. Nc3 e5 6. Ndb5 d6 7. Bg5 a6 8.
Na3 b5 9. Nd5 Be7 10. Nxe7 Nxe7 11. Bd3 d5 12. exd5 Nfxd5 13. Qh5 Qa5+ 14. c3
Qa4 15. Bxe7 Nf4 16. Qf3 Nxd3+ 17. Qxd3 Kxe7 18. Qd5 Be6 19. Qxe5 Rhd8 20. Qc5+
Ke8 21. O-O Rac8 22. Qh5 h6 23. Qe2 Kf8 24. Rfc1 b4 25. Qe4 Bd5 26. Qh4 Bxg2
27. Qxb4+ Qxb4 28. cxb4 Bd5 29. Rxc8 Rxc8 {TS-TL: starker L und gutes
schwarzes Figurenzusammenspiel kompensieren weißen Freibauer} 30. b5 (30. b3
Rb8 31. Nc2 Be4 $15 32. Rc1 $2 Rc8 $19) 30... axb5 31. Nxb5 Rc2 32. Nc3 (32. b3
$5 g5 $140 (32... Ke7 $5) 33. a4 Bxb3 34. Nd4 Rb2 35. Nxb3 Rxb3 36. a5 Rb7 37.
a6 Ra7 38. Kg2 f5 39. Kf3 Ke7 40. Ke3) 32... Be6 33. a4 (33. Rb1 Bf5 34. a4
$140 Rxc3) (33. Nd1 Bxa2 34. Rxa2 Rc1 $10) 33... Rxb2 34. a5 Rc2 35. Nb5 Rc5
36. Nd4 Rg5+ 37. Kh1 (37. Kf1 Bc4+ 38. Ke1 Rg1+ $19) 37... Bd5+ 38. f3 Rg4 $1
39. Rd1 (39. Ra4 $2 Bxf3+ $19) 39... Rg6 40. Rd3 Ra6 41. Ra3 Ke7 42. Kg2 Kd6
43. Kf2 Kc5 44. Ke3 g5 45. Ra1 Ra7 46. Rc1+ Kb4 47. Rb1+ Kc5 1/2-1/2

[Event "RUS-chT"]
[Site "Kazan"]
[Date "1995.??.??"]
[Round "9"]
[White "Yakovich, Yuri"]
[Black "Kharlov, Andrei"]
[Result "1/2-1/2"]
[WhiteElo "2560"]
[BlackElo "2555"]
[Annotator "Giese"]
[PlyCount "82"]
[EventDate "1995.??.??"]
[EventType "team"]
[EventRounds "9"]
[EventCountry "RUS"]
[SourceTitle "CBM 051"]
[Source "ChessBase"]
[SourceDate "1996.04.01"]
[SourceVersion "1"]
[SourceVersionDate "1996.04.01"]
[SourceQuality "1"]

1. d4 d5 2. c4 c6 3. Nc3 Nf6 4. e3 e6 5. Nf3 Nbd7 6. Qc2 Bd6 7. Be2 O-O 8. O-O
Re8 9. Rd1 Qe7 10. h3 h6 11. a3 a6 12. b3 dxc4 13. bxc4 e5 14. Nh4 Nf8 15. Nf5
Bxf5 16. Qxf5 exd4 17. exd4 c5 18. Be3 Ne6 19. dxc5 Bxc5 20. Nd5 Nxd5 21. cxd5
Ng5 22. Bxg5 hxg5 23. Bc4 Rad8 24. Rd2 g6 25. Qf3 b5 26. Bf1 Qd6 27. a4 Re5 28.
axb5 axb5 29. Bxb5 Rf5 30. Qd3 Bxf2+ 31. Rxf2 Rxf2 32. Ra6 Qf4 33. Rxg6+ $10 {
führt forciert zu einer Remisstellung} fxg6 34. Qxg6+ Kf8 35. Qh6+ Kf7 36. Qh7+
Kf6 37. Qh6+ Ke5 (37... Ke7 38. Qe6+ Kf8 39. Qh6+ $10) 38. Qe6+ Kd4 39. Qb6+
Kc3 40. Qc5+ Kd2 41. Qxf2+ Qxf2+ {_|_=} 1/2-1/2

[Event "Kemerovo1"]
[Site "Kemerovo"]
[Date "1995.??.??"]
[Round "1"]
[White "Sagalchik, Gennadij"]
[Black "Kharlov, Andrei"]
[Result "1/2-1/2"]
[WhiteElo "2530"]
[BlackElo "2555"]
[PlyCount "20"]
[EventDate "1995.08.??"]
[SourceTitle "DB 2003 12"]
[SourceDate "2003.12.01"]
[SourceVersion "1"]
[SourceVersionDate "2003.12.01"]
[SourceQuality "1"]

1. d4 d5 2. Nc3 Nf6 3. Bg5 Nbd7 4. Qd3 e6 5. e4 dxe4 6. Nxe4 Be7 7. Bxf6 Nxf6
8. O-O-O Nxe4 9. Qxe4 Qd5 10. Qxd5 exd5 1/2-1/2

[Event "Kemerovo1"]
[Site "Kemerovo"]
[Date "1995.??.??"]
[Round "2"]
[White "Kharlov, Andrei"]
[Black "Graf, Alexander"]
[Result "1-0"]
[WhiteElo "2555"]
[BlackElo "2585"]
[Annotator "Wedberg"]
[PlyCount "93"]
[EventDate "1995.08.??"]
[SourceTitle "CBM 050"]
[Source "ChessBase"]
[SourceDate "1996.02.01"]
[SourceVersion "1"]
[SourceVersionDate "1996.02.01"]
[SourceQuality "1"]

1. e4 e5 2. Nf3 Nc6 3. Bb5 a6 4. Ba4 Nf6 5. O-O Be7 6. Re1 b5 7. Bb3 d6 8. c3
O-O 9. d3 Na5 10. Bc2 c5 11. Nbd2 Re8 12. Nf1 Bf8 13. Bg5 (13. Ng3 g6 14. Bg5
h6 15. Bd2 Bb7 16. h3 Qc7 $10 {Martinez,F-Vazquez,Rod/Novi Sad olm/1990}) 13...
h6 14. Bh4 g6 (14... Be7 15. Ne3 Nc6 (15... Be6 16. Qd2 Ng4 17. Bxe7 Rxe7 $10 {
Adams,M-Timman,J/Dortmund/1994}) 16. a4 b4 (16... Be6 17. Bxf6 (17. Bb3 Nh7 18.
Bxe7 Nxe7 19. Bxe6 fxe6 20. axb5 axb5 21. Rxa8 Qxa8 22. Qb3 Nf8 23. d4 $14 {
Psakhis,L-Tseitlin,MD/Beersheba/1993}) 17... Bxf6 18. Bb3 Rb8 19. axb5 axb5 20.
Bd5 $14 {Psakhis,L-Milos,G/Novi Sad olm/1990}) 17. Bb3 Rb8 18. Bc4 Na5 19. Bxf6
Nxc4 20. dxc4 Bxf6 21. Nd5 $14 {Kharlov,A-Balashov,Y/Pinsk 1993}) 15. Ne3 $5 {
Playing for the d5 square, just like in Kharlovs game against  Balashov in
Pinsk 1993.} (15. d4 cxd4 16. cxd4 exd4 17. Nxd4 Bg7 18. f3 (18. Ne3 Qb6 19.
Ne2 Bb7 $132 {Smirin,I-Wiedenkeller,M/Rilton-Cup 1988}) 18... Bb7 19. b3 Rc8
20. Rc1 Nc6 21. Nxc6 Rxc6 22. b4 Qc8 23. Bb3 Rxc1 24. Qxc1 d5 25. Qxc8 Rxc8 26.
exd5 Nxd5 $10 {Smagin,S-Romanishin,O/Erevan/1988}) 15... Bg7 16. Qd2 Nc6 17.
Bb3 Be6 18. Bd5 $1 Rc8 (18... Bxd5 19. Bxf6 (19. Nxd5 g5 20. Bg3 (20. Nxg5 $2
Nxd5 21. exd5 hxg5 22. Bxg5 f6 $19) 20... Nxd5 21. exd5 Ne7 $132) 19... Qxf6
20. Nxd5 Qd8 21. a4 $14) 19. Bxf6 Qxf6 20. a4 $16 Qd8 21. axb5 axb5 22. Qc2 Ne7
23. Bxe6 fxe6 24. Ra6 Qd7 25. Rea1 Nc6 26. h4 $1 {Black can defend his
queenside, so White neeeds a second target to probe.} Rb8 27. g3 Kh7 28. Kg2
Rf8 29. Qe2 Rf7 30. h5 $1 g5 31. Ng4 Rff8 32. Nd2 Kh8 33. Nb3 Rfc8 34. Na5 Nd8
35. b4 cxb4 36. cxb4 Rc3 37. Qe3 Rbc8 38. Rd1 Bf8 39. Qb6 {Kharlovs combined
play on the two wings is wearing Nenashev down.} Nf7 40. Ra7 R3c7 41. Rc1 $1
Rxa7 42. Rxc8 Kg7 (42... Qxc8 43. Qxa7 Kg8 44. Qb6 $18) 43. Qb8 Be7 44. Nc6 (
44. Rg8+ $1 Kh7 45. Qf8 Bxf8 46. Nf6#) 44... Rb7 45. Rg8+ Kh7 46. Nxe7 (46. Qf8
$1 Bxf8 47. Nf6#) 46... Qxe7 47. Qxb7 (47. Qxb7 Qxb7 48. Nf6#) 1-0

[Event "Kemerovo1"]
[Site "Kemerovo"]
[Date "1995.??.??"]
[Round "3"]
[White "Filippov, Valerij"]
[Black "Kharlov, Andrei"]
[Result "1/2-1/2"]
[WhiteElo "2510"]
[BlackElo "2555"]
[PlyCount "176"]
[EventDate "1995.08.??"]
[SourceTitle "CBM 050"]
[Source "ChessBase"]
[SourceDate "1996.02.01"]
[SourceVersion "1"]
[SourceVersionDate "1996.02.01"]
[SourceQuality "1"]

1. Nf3 d5 2. d4 Nf6 3. c4 c6 4. Nc3 e6 5. Qd3 dxc4 6. Qxc4 b5 7. Qd3 Nbd7 8. e4
b4 9. Na4 Qa5 10. b3 c5 11. Bg5 cxd4 12. Bxf6 gxf6 13. Nxd4 Bb7 14. Nb5 Nc5 15.
Nxc5 Bxc5 16. Rc1 Qb6 17. Rxc5 Qxc5 18. Nd6+ Ke7 19. Nxb7 Qb6 20. e5 fxe5 21.
Be2 Rac8 22. Qe4 Rc1+ 23. Bd1 Qd4 24. Qxd4 exd4 25. Na5 Rhc8 26. Nc4 Ra1 27.
Kd2 Rxa2+ 28. Kd3 Rxf2 29. Bf3 Ra2 30. Kxd4 a5 31. Re1 Rd8+ 32. Kc5 Rd3 33. Rb1
f5 34. Kb5 Kf6 35. Nxa5 e5 36. Nc6 Rdd2 37. Nxb4 Rab2 38. Rf1 Rxb3 39. Kc4 Ra3
40. Nd5+ Kg5 41. h4+ Kxh4 42. Rh1+ Kg3 43. Ne7 e4 44. Nxf5+ Kf4 45. Rh4+ Kxf5
46. Bxe4+ Ke5 47. Kb4 Rda2 48. Bc2 Ra8 49. Kb3 R2a7 50. Rxh7 Rb8+ 51. Kc4 Rc8+
52. Kb3 Rb8+ 53. Kc4 Ra2 54. Re7+ Kd6 55. Re2 Rc8+ 56. Kb3 Ra6 57. Kb2 Rb8+ 58.
Bb3 Kc5 59. Rd2 Rg6 60. Kc2 Rg5 61. Be6 Rb6 62. Bd7 Ra6 63. Bc8 Ra2+ 64. Kc1
Ra7 65. g4 Re5 66. Bf5 Re1+ 67. Kc2 Kc4 68. Bd3+ Kb4 69. Bf5 Re3 70. Rd4+ Kc5
71. Rd2 Kc4 72. Bd3+ Kb4 73. Bf5 Raa3 74. Rd4+ Kc5 75. Re4 Rg3 76. Kb2 Rab3+
77. Kc2 Rbc3+ 78. Kd2 Ra3 79. Be6 Rg1 80. Ke2 Rg2+ 81. Kf1 Rh2 82. Kg1 Rd2 83.
Re1 Rg3+ 84. Kf1 Rgg2 85. Re4 Rh2 86. Kg1 Rdg2+ 87. Kf1 Rb2 88. Kg1 Rhg2+
1/2-1/2

[Event "Kemerovo1"]
[Site "Kemerovo"]
[Date "1995.??.??"]
[Round "4"]
[White "Ruban, Vadim"]
[Black "Kharlov, Andrei"]
[Result "1/2-1/2"]
[WhiteElo "2535"]
[BlackElo "2555"]
[Annotator "Endgame-CD"]
[PlyCount "184"]
[EventDate "1995.08.??"]
[SourceTitle "CBM 050"]
[Source "ChessBase"]
[SourceDate "1996.02.01"]
[SourceVersion "1"]
[SourceVersionDate "1996.02.01"]
[SourceQuality "1"]

1. d4 d5 2. c4 dxc4 3. Nf3 Nf6 4. e3 e6 5. Bxc4 c5 6. Qe2 cxd4 7. exd4 Nc6 8.
O-O Nxd4 9. Nxd4 Qxd4 10. Rd1 Qc5 11. Bb5+ Bd7 12. Bxd7+ Nxd7 13. Nc3 a6 14.
Be3 Qf5 15. Qc4 Qa5 16. a3 Ne5 17. Qb3 b5 18. Nd5 Bd6 19. Nb6 Rd8 20. Qc2 b4
21. Nc8 b3 22. Qc1 Bb8 23. Rxd8+ Qxd8 24. Qc5 Qd7 25. Nb6 Qc7 26. Qb4 Nc6 27.
Qh4 Ba7 28. Nc4 O-O 29. Rd1 Bxe3 30. Nxe3 Na5 31. Qd4 h6 32. g3 Rc8 33. h4 Nb7
34. Rd3 Qc1+ 35. Rd1 Qc6 36. Qb4 Qb5 37. Qxb5 axb5 38. Rd3 Na5 39. Kf1 Rc1+ 40.
Rd1 Rc8 41. Ke2 Kf8 42. Rd7 Ke8 43. Ra7 Nc6 44. Rb7 Rd8 45. Ke1 Nd4 46. Kd2 e5
47. Kc3 Rd7 48. Rxd7 Kxd7 49. Nf1 Kd6 50. Nd2 Kd5 51. Nxb3 Nxb3 52. Kxb3 Ke4
53. a4 bxa4+ 54. Kxa4 Kf3 55. b4 e4 56. b5 Kxf2 57. b6 e3 58. b7 e2 59. b8=Q
e1=Q 60. Qf4+ Kg2 61. Qxf7 Qxg3 62. h5 Kh3 63. Kb4 Qe5 64. Kc4 Kg4 65. Qg6+ Qg5
66. Qe8 Kh4 67. Kd3 Qxh5 68. Qe1+ Kh3 69. Qh1+ Kg4 70. Qg2+ Kf4 71. Qxg7 Qf3+
72. Kd2 Qe3+ 73. Kd1 Kf3 74. Qf6+ Kg2 75. Qg6+ Kf2 76. Qc2+ Kg3 77. Qg6+ Kh4
78. Qf6+ Kg4 79. Qg6+ Qg5 80. Qe4+ Kg3 81. Qd3+ Kf2 82. Qd4+ Kf1 83. Qd3+ Kg2
84. Qe4+ Kh2 85. Qe2+ Kh1 86. Qf1+ Kh2 (86... Qg1 $5 87. Ke1 (87. Qxg1+ $4 Kxg1
88. Ke2 Kg2 $19 (88... h5 $4 89. Kf3 $10)) 87... h5 88. Ke2 h4 89. Ke1 h3 90.
Ke2 h2 91. Ke1 (91. Qf3+ Qg2+ 92. Qf2 $10) (91. Qf2 Qg4+ 92. Ke1 Qe4+ 93. Kd1
$10) 91... Qxf1+ 92. Kxf1 $10) 87. Qf2+ Kh3 88. Qf3+ Kh4 89. Ke2 Qb5+ 90. Kf2
Qc5+ 91. Kg2 Qg5+ 92. Kh2 Qe5+ 1/2-1/2

[Event "Kemerovo1"]
[Site "Kemerovo"]
[Date "1995.??.??"]
[Round "5"]
[White "Kharlov, Andrei"]
[Black "Dolmatov, Sergey"]
[Result "1/2-1/2"]
[WhiteElo "2555"]
[BlackElo "2615"]
[PlyCount "24"]
[EventDate "1995.08.??"]
[SourceTitle "CBM 050"]
[Source "ChessBase"]
[SourceDate "1996.02.01"]
[SourceVersion "1"]
[SourceVersionDate "1996.02.01"]
[SourceQuality "1"]

1. d4 Nf6 2. c4 g6 3. Nf3 Bg7 4. g3 O-O 5. Bg2 c6 6. O-O d5 7. Qb3 Qb6 8. Nc3
Bf5 9. Re1 Rd8 10. Bf4 Qxb3 11. axb3 h6 12. h4 Nbd7 1/2-1/2

[Event "Kemerovo1"]
[Site "Kemerovo"]
[Date "1995.??.??"]
[Round "6"]
[White "Aseev, Konstantin"]
[Black "Kharlov, Andrei"]
[Result "1/2-1/2"]
[WhiteElo "2530"]
[BlackElo "2555"]
[PlyCount "33"]
[EventDate "1995.08.??"]
[SourceTitle "CBM 050"]
[Source "ChessBase"]
[SourceDate "1996.02.01"]
[SourceVersion "1"]
[SourceVersionDate "1996.02.01"]
[SourceQuality "1"]

1. e4 c5 2. Nf3 Nc6 3. d4 cxd4 4. Nxd4 Nf6 5. Nc3 e5 6. Ndb5 d6 7. Bg5 a6 8.
Na3 b5 9. Nd5 Be7 10. Bxf6 Bxf6 11. c3 O-O 12. Nc2 Rb8 13. Bd3 Bg5 14. O-O Be6
15. Nce3 Ne7 16. Bc2 Bxe3 17. Nxe3 1/2-1/2

[Event "Kemerovo1"]
[Site "Kemerovo"]
[Date "1995.??.??"]
[Round "7"]
[White "Kharlov, Andrei"]
[Black "Nielsen, Peter Heine"]
[Result "1/2-1/2"]
[WhiteElo "2555"]
[BlackElo "2500"]
[PlyCount "110"]
[EventDate "1995.08.??"]
[SourceTitle "CBM 050"]
[Source "ChessBase"]
[SourceDate "1996.02.01"]
[SourceVersion "1"]
[SourceVersionDate "1996.02.01"]
[SourceQuality "1"]

1. e4 e5 2. Nf3 Nf6 3. d4 Nxe4 4. Bd3 d5 5. Nxe5 Nd7 6. Nxd7 Bxd7 7. O-O Bd6 8.
Nc3 Nxc3 9. bxc3 O-O 10. Qh5 f5 11. Rb1 b6 12. Re1 Qf6 13. Qf3 Kh8 14. Bf4 Rae8
15. Rxe8 Rxe8 16. Qxd5 Bxf4 17. Qxd7 Rf8 18. Re1 Bd6 19. h3 Qf7 20. Qa4 a5 21.
Bc4 Qf6 22. Qd7 Rd8 23. Qf7 Qxf7 24. Bxf7 g6 25. Kf1 Kg7 26. Be8 Kf6 27. Bc6
Bf4 28. Ke2 Rd6 29. d5 Rd8 30. Kd3 Be5 31. Kc4 Rf8 32. Kb5 Rf7 33. c4 Re7 34.
c5 bxc5 35. Re3 Bd4 36. Rxe7 Kxe7 37. Kxa5 c4 38. f3 Kd6 39. Kb4 c3 40. Kc4 Bf2
41. a4 Be1 42. a5 Bf2 43. Kb5 Bc5 44. h4 f4 45. Kc4 Bf2 46. h5 gxh5 47. Be8 h4
48. Bf7 c6 49. dxc6 Kxc6 50. Bd5+ Kc7 51. Be4 Be1 52. Bxh7 Kb8 53. Bd3 Ka7 54.
Kd4 Kb8 55. Ke4 Bg3 1/2-1/2

[Event "Kemerovo1"]
[Site "Kemerovo"]
[Date "1995.??.??"]
[Round "8"]
[White "Sveshnikov, Evgeny"]
[Black "Kharlov, Andrei"]
[Result "1/2-1/2"]
[WhiteElo "2580"]
[BlackElo "2555"]
[PlyCount "28"]
[EventDate "1995.08.??"]
[SourceTitle "CBM 050"]
[Source "ChessBase"]
[SourceDate "1996.02.01"]
[SourceVersion "1"]
[SourceVersionDate "1996.02.01"]
[SourceQuality "1"]

1. e4 c5 2. c3 d5 3. exd5 Qxd5 4. d4 Nc6 5. Nf3 cxd4 6. cxd4 e5 7. Nc3 Bb4 8.
Bd2 Bxc3 9. Bxc3 e4 10. Ne5 Nxe5 11. dxe5 Ne7 12. Qc2 O-O 13. Rd1 Qxa2 14. Bb4
Bg4 1/2-1/2

[Event "Leeuwarden op"]
[Site "Leeuwarden"]
[Date "1995.??.??"]
[Round "1"]
[White "Kharlov, Andrei"]
[Black "Kohler, Aran"]
[Result "1-0"]
[WhiteElo "2555"]
[BlackElo "2330"]
[PlyCount "79"]
[EventDate "1995.08.??"]
[EventType "swiss"]
[EventRounds "9"]
[EventCountry "NED"]
[SourceTitle "EXT 1997"]
[Source "ChessBase"]
[SourceDate "1996.11.15"]
[SourceVersion "1"]
[SourceVersionDate "1996.11.15"]
[SourceQuality "1"]

1. e4 e5 2. Nf3 Nc6 3. Bb5 a6 4. Ba4 Nf6 5. O-O Be7 6. Re1 b5 7. Bb3 O-O 8. d3
d6 9. c3 Bg4 10. h3 Bxf3 11. Qxf3 Na5 12. Bc2 c5 13. g3 Ne8 14. h4 g6 15. Bh6
Ng7 16. Nd2 Rc8 17. Nf1 f5 18. exf5 gxf5 19. Ne3 Qd7 20. a4 b4 21. Qd5+ Kh8 22.
d4 cxd4 23. cxd4 Nc6 24. dxe5 Nxe5 25. Rad1 Qc6 26. Bxg7+ Kxg7 27. Nxf5+ Kh8
28. Be4 Qxd5 29. Rxd5 Rf7 30. Kg2 Rcf8 31. f4 Ng4 32. Bc2 Bf6 33. Bd1 h5 34.
Nxd6 Rh7 35. b3 Bc3 36. Re6 Nf6 37. Rf5 Kg8 38. Be2 Nd7 39. Rg6+ Kh8 40. Bc4
1-0